Central Library OPAC University of Rajshahi

Rudyard Kipling's verse / (Record no. 17871)

MARC details
000 -LEADER
fixed length control field 00741nam a22002651 4500
001 - CONTROL NUMBER
control field 17871
003 - CONTROL NUMBER IDENTIFIER
rucl marc code BD-RjUL
005 - DATE AND TIME OF LATEST TRANSACTION
control field 20211209000214.0
008 - FIXED-LENGTH DATA ELEMENTS--GENERAL INFORMATION
fixed length control field 140219s1954 enk 000 1 eng
035 ## - SYSTEM CONTROL NUMBER
System control number (BD-RjUL)17929
System control number (OCoLC)4900707
040 ## - CATALOGING SOURCE
Original cataloging agency DLC
Transcribing agency LU
Modifying agency DLC
-- BD-RjUL
Language of cataloging eng
041 ## - LANGUAGE CODE
Language code of text/sound track or separate title eng
082 ## - DEWEY DECIMAL CLASSIFICATION NUMBER
Classification number 821.89
Author mark and year KIR 1954
100 1# - MAIN ENTRY--PERSONAL NAME
Personal name Kipling, Rudyard,
Dates associated with a name 1865-1936.
9 (RLIN) 55129
245 00 - TITLE STATEMENT
Title Rudyard Kipling's verse /
Statement of responsibility, etc. Rudyard Kipling
250 ## - EDITION STATEMENT
Edition statement Definitive ed.
260 ## - PUBLICATION, DISTRIBUTION, ETC. (IMPRINT)
Place of publication, distribution, etc. London :
Name of publisher, distributor, etc. Hodder and Stoughton limited,
Date of publication, distribution, etc. 1954.
300 ## - PHYSICAL DESCRIPTION
Pagination xvi, 844, [1] p. ;
Size 22 cm.
500 ## - GENERAL NOTE
General note "First published in 1940."
650 ## - SUBJECT ADDED ENTRY--TOPICAL TERM
Topical term or geographic name as entry element Poets
Form subdivision English
9 (RLIN) 55150
942 ## - ADDED ENTRY ELEMENTS (KOHA)
Source of classification or shelving scheme Dewey Decimal Classification
Koha item type Books
Holdings
Lost status Source of classification or shelving scheme Damaged status Not for loan Collection code Permanent Location Current Location Shelving location Date acquired Source of acquisition Cost, normal purchase price Total Checkouts Full call number Date last seen Copy number Koha item type
  Dewey Decimal Classification   Not For Loan Fiction Central Library, University of Rajshahi Central Library, University of Rajshahi Reading Room 13/02/1956 BD stationary co. 28.40   821.89 KIR 1954 19/02/2014 C-1 Books